[Event "Arber Seniors op 6th"]
[Site "Bayerisch Eisenstein"]
[Date "2018.07.30"]
[Round "3"]
[White "Latzel, Wolfgang"]
[Black "Brummer, Bernfried"]
[Result "1/2-1/2"]
[ECO "B38"]
[WhiteElo "1893"]
[BlackElo "2021"]
[PlyCount "38"]
[EventDate "2018.07.28"]
[EventType "swiss"]
[EventRounds "9"]
[EventCountry "GER"]
[SourceTitle "CBM 185 Extra"]
[Source "ChessBase"]
[SourceDate "2018.07.29"]
[SourceVersion "1"]
[SourceVersionDate "2018.07.29"]
[SourceQuality "1"]

1. e4 c5 2. Nf3 g6 3. d4 cxd4 4. Nxd4 Bg7 5. c4 Nc6 6. Be3 d6 7. Nc3 Nf6 8. Be2 0-0 9. 0-0 Bd7 10. Qd2 Rc8 11. f3 Nxd4 12. Bxd4 b6 13. Rac1 Bc6 14. Rfd1 Nd7 15. Be3 Re8 16. b3 Qc7 17. Nd5 Qb8 18. Nb4 Bb7 19. Nd5 Nf6 1/2-1/2

[Event "Niederbayern-ch"]
[Site "Vilshofen"]
[Date "2018.04.06"]
[Round "4"]
[White "Staudinger, Simon"]
[Black "Latzel, Wolfgang"]
[Result "1/2-1/2"]
[ECO "A42"]
[WhiteElo "1775"]
[BlackElo "1890"]
[PlyCount "83"]
[EventDate "2018.04.05"]
[EventType "swiss"]
[EventRounds "7"]
[EventCountry "GER"]
[SourceTitle "EXT 2023"]
[Source "ChessBase"]
[SourceDate "2022.10.05"]
[SourceVersion "1"]
[SourceVersionDate "2022.10.05"]
[SourceQuality "1"]

1. d4 d6 2. c4 g6 3. Nc3 Bg7 4. e4 Nc6 5. d5 Nb8 6. f4 e5 7. Nf3 Nd7 8. Bd3 Ne7 9. 0-0 0-0 10. Qc2 f5 11. Ng5 Nc5 12. fxe5 Bxe5 13. Nf3 Nxd3 14. Qxd3 Bg7 15. Bg5 h6 16. Bh4 g5 17. Bf2 fxe4 18. Qxe4 Bf5 19. Qe2 Bg4 20. Be1 Qd7 21. h3 Bh5 22. Nb5 Rae8 23. Qe6+ Qxe6 24. dxe6 Bxf3 25. Rxf3 Rxf3 26. gxf3 Bxb2 27. Rb1 Be5 28. Nxc7 Rb8 29. Nd5 Kf8 30. h4 b6 31. hxg5 hxg5 32. Bd2 Rc8 33. Bxg5 Nf5 34. Rc1 Nd4 35. e7+ Kf7 36. Kf2 Ne6 37. f4 Bd4+ 38. Kf3 b5 39. Rh1 bxc4 40. Rh7+ Kg6 41. Rh6+ Kf7 42. Rh7+ 1/2-1/2

[Event "Niederbayern-ch"]
[Site "Vilshofen"]
[Date "2018.04.05"]
[Round "1"]
[White "Latzel, Wolfgang"]
[Black "Wudi, Tobias"]
[Result "1-0"]
[ECO "C29"]
[WhiteElo "1890"]
[BlackElo "1484"]
[PlyCount "31"]
[EventDate "2018.04.05"]
[EventType "swiss"]
[EventRounds "7"]
[EventCountry "GER"]
[SourceTitle "EXT 2023"]
[Source "ChessBase"]
[SourceDate "2022.10.05"]
[SourceVersion "1"]
[SourceVersionDate "2022.10.05"]
[SourceQuality "1"]

1. e4 e5 2. Nc3 Nf6 3. f4 Nc6 4. fxe5 Nxe5 5. d4 Ng6 6. e5 Ng8 7. Nf3 d6 8. Bc4 dxe5 9. 0-0 Bg4 10. Bxf7+ Ke7 11. Bxg8 Rxg8 12. Bg5+ Ke8 13. Bxd8 Rxd8 14. Qe1 Bxf3 15. Rxf3 Bd6 16. Qe4 1-0

[Event "Niederbayern-ch"]
[Site "Vilshofen"]
[Date "2018.04.05"]
[Round "2"]
[White "Woitylak, Steffen"]
[Black "Latzel, Wolfgang"]
[Result "1/2-1/2"]
[ECO "A26"]
[WhiteElo "2036"]
[BlackElo "1890"]
[PlyCount "52"]
[EventDate "2018.04.05"]
[EventType "swiss"]
[EventRounds "7"]
[EventCountry "GER"]
[SourceTitle "EXT 2023"]
[Source "ChessBase"]
[SourceDate "2022.10.05"]
[SourceVersion "1"]
[SourceVersionDate "2022.10.05"]
[SourceQuality "1"]

1. c4 d6 2. Nc3 g6 3. g3 Bg7 4. Bg2 Nc6 5. Nf3 e5 6. d3 h6 7. 0-0 Be6 8. Rb1 Qd7 9. Nd5 Nce7 10. e4 c6 11. Nxe7 Nxe7 12. Re1 0-0 13. Be3 f5 14. Qc1 Kh7 15. c5 d5 16. exd5 Bxd5 17. a3 Rad8 18. d4 Bxf3 19. Bxf3 exd4 20. Bf4 Nd5 21. Bd6 Rfe8 22. Qc4 Nc7 23. a4 Rxe1+ 24. Rxe1 Re8 25. Rd1 Rd8 26. Re1 Re8 1/2-1/2

[Event "Niederbayernliga 1516"]
[Site "Bayern"]
[Date "2015.10.11"]
[Round "1.7"]
[White "Latzel, Wolfgang"]
[Black "Hartmann, Martin1111"]
[Result "1-0"]
[ECO "C29"]
[WhiteElo "1799"]
[BlackElo "1719"]
[PlyCount "77"]
[EventDate "2015.10.11"]
[EventType "team-tourn"]
[EventRounds "9"]
[EventCountry "GER"]
[SourceTitle "EXT 2023"]
[Source "ChessBase"]
[SourceDate "2022.10.05"]
[SourceVersion "1"]
[SourceVersionDate "2022.10.05"]
[SourceQuality "1"]
[WhiteTeam "Landshut"]
[BlackTeam "Grafenau"]
[WhiteTeamCountry "GER"]
[BlackTeamCountry "GER"]

1. e4 e5 2. Nc3 Nf6 3. f4 d5 4. fxe5 Nxe4 5. Nf3 Bg4 6. Qe2 Nxc3 7. bxc3 Bxf3 8. Qxf3 c6 9. d4 Nd7 10. Bd3 Be7 11. 0-0 0-0 12. Qg4 g6 13. Bh6 Re8 14. Rae1 Bf8 15. e6 f5 16. Qh3 Bxh6 17. exd7 Rxe1 18. Rxe1 Qf8 19. Re8 Rxe8 20. dxe8Q Qxe8 21. Qxh6 Qe1+ 22. Bf1 Qxc3 23. Qf4 b6 24. Qb8+ Kg7 25. Qxa7+ Kh6 26. Qxb6 Qe3+ 27. Kh1 Qf2 28. Qa6 f4 29. Qd3 Kg5 30. a4 Qe1 31. h3 h5 32. Qe2 Qc1 33. a5 Kh6 34. a6 Qa1 35. Qd3 g5 36. Kg1 g4 37. Qd2 gxh3 38. Qxf4+ Kg6 39. gxh3 1-0

[Event "Niederbayernliga 1112"]
[Site "Bayern"]
[Date "2012.??.??"]
[Round "5"]
[White "Wolf, Andreas2222"]
[Black "Latzel, Wolfgang"]
[Result "1/2-1/2"]
[ECO "B06"]
[WhiteElo "1978"]
[BlackElo "1820"]
[PlyCount "83"]
[EventDate "2011.10.??"]
[EventType "team-tourn"]
[EventRounds "9"]
[EventCountry "GER"]
[SourceTitle "EXT 2023"]
[Source "ChessBase"]
[SourceDate "2022.10.05"]
[SourceVersion "1"]
[SourceVersionDate "2022.10.05"]
[SourceQuality "1"]
[WhiteTeam "Grafenau"]
[BlackTeam "Landshut II"]
[WhiteTeamCountry "GER"]
[BlackTeamCountry "GER"]

1. e4 d6 2. d4 g6 3. f4 Bg7 4. Nf3 a6 5. Be2 Nf6 6. Nbd2 0-0 7. 0-0 b6 8. Qe1 Bb7 9. Bd3 e6 10. c3 Nfd7 11. Kh1 Nc6 12. Nc4 Ne7 13. Be3 d5 14. Ncd2 dxe4 15. Bxe4 Bxe4 16. Nxe4 Nd5 17. Bd2 N7f6 18. c4 Nxe4 19. Qxe4 Nf6 20. Qc2 Qd6 21. Rad1 Rfd8 22. Ne5 c5 23. Bc3 cxd4 24. Rxd4 Qc7 25. Rfd1 Rxd4 26. Rxd4 Rd8 27. Qd3 Rxd4 28. Qxd4 Ng4 29. h3 Nxe5 30. fxe5 Bf8 31. a3 Bc5 32. Qd3 a5 33. b4 Be7 34. Qd4 Kf8 35. Bd2 Ke8 36. Bc3 h5 37. Qe4 axb4 38. axb4 Qc8 39. Qd3 Qd7 40. Qxd7+ Kxd7 41. Kg1 Kc6 42. Kf2 1/2-1/2

[Event "Niederbayernliga 1112"]
[Site "Bayern"]
[Date "2011.??.??"]
[Round "4"]
[White "Zepke, Armin"]
[Black "Latzel, Wolfgang"]
[Result "0-1"]
[ECO "A41"]
[WhiteElo "2017"]
[BlackElo "1820"]
[PlyCount "84"]
[EventDate "2011.10.??"]
[EventType "team-tourn"]
[EventRounds "9"]
[EventCountry "GER"]
[SourceTitle "EXT 2023"]
[Source "ChessBase"]
[SourceDate "2022.10.05"]
[SourceVersion "1"]
[SourceVersionDate "2022.10.05"]
[SourceQuality "1"]
[WhiteTeam "Bayerwald Regen"]
[BlackTeam "Landshut II"]
[WhiteTeamCountry "GER"]
[BlackTeamCountry "GER"]

1. d4 d6 2. Bf4 g6 3. Nf3 Bg7 4. e3 Nd7 5. Bc4 e5 6. dxe5 dxe5 7. Bg3 Nh6 8. Nc3 0-0 9. Bh4 Bf6 10. Bxf6 Qxf6 11. e4 Nb6 12. Bb3 c6 13. h4 Kg7 14. h5 Be6 15. Qe2 Rad8 16. Rd1 Ng4 17. Rxd8 Rxd8 18. hxg6 Bxb3 19. Rxh7+ Kxg6 20. Rh3 Bc4 21. Nxe5+ Qxe5 22. Qxg4+ Qg5 23. Rg3 Qxg4 24. Rxg4+ Kf6 25. f4 Re8 26. Kf2 Be6 27. f5 Bc4 28. b3 Ba6 29. Ke3 Nd5+ 30. Nxd5+ cxd5 31. Kf3 dxe4+ 32. Rxe4 Rxe4 33. Kxe4 Kg5 34. c4 b6 35. Ke5 f6+ 36. Ke6 Bc8+ 37. Kd6 Bxf5 38. Kc7 Bb1 39. a4 Ba2 40. Kb7 Bxb3 41. Kxa7 Bxc4 42. Kxb6 Bf1 0-1

[Event "Regionalliga SO 0607"]
[Site "Bayern"]
[Date "2007.03.18"]
[Round "7.7"]
[White "Latzel, Wolfgang"]
[Black "Kuehn, Karsten"]
[Result "0-1"]
[ECO "C01"]
[WhiteElo "1881"]
[BlackElo "2036"]
[PlyCount "90"]
[EventDate "2006.10.15"]
[EventType "team-tourn"]
[EventRounds "9"]
[EventCountry "GER"]
[SourceTitle "EXT 2008"]
[Source "ChessBase"]
[SourceDate "2007.11.25"]
[SourceVersion "1"]
[SourceVersionDate "2007.11.25"]
[SourceQuality "1"]
[WhiteTeam "Landshut"]
[BlackTeam "Graefelfing"]
[WhiteTeamCountry "GER"]
[BlackTeamCountry "GER"]

1. e4 c6 2. d4 e6 3. Bd3 Nf6 4. c3 d5 5. e5 Nfd7 6. Ne2 c5 7. 0-0 Nc6 8. Nd2 Qb6 9. Nf3 cxd4 10. cxd4 Be7 11. a3 a6 12. b4 Qd8 13. Be3 b5 14. Rc1 Bb7 15. Qd2 Nb6 16. Qa2 Nc4 17. Nd2 a5 18. Bxc4 dxc4 19. bxa5 Rxa5 20. Nb1 Nb4 21. Qd2 Nd3 22. Rc3 Qa8 23. f3 Bxa3 24. Nxa3 Rxa3 25. Nf4 Nxf4 26. Bxf4 Ra2 27. Rc2 Rxc2 28. Qxc2 0-0 29. Rb1 Bc6 30. Bd2 Rd8 31. Qb2 Qa7 32. Bc3 Ra8 33. Bb4 Qa2 34. Bc5 c3 35. Qxa2 Rxa2 36. Rc1 c2 37. Kf2 Bd5 38. Ke2 Bb3 39. Kd2 Rb2 40. Kc3 Rb1 41. Ba3 Ba4 42. Bb2 Kf8 43. f4 Ke8 44. g4 g6 45. h4 h5 0-1

[Event "Regionalliga SO 0607"]
[Site "Bayern"]
[Date "2007.02.04"]
[Round "5.8"]
[White "Kirsch, Sebastian"]
[Black "Latzel, Wolfgang"]
[Result "1/2-1/2"]
[ECO "A41"]
[WhiteElo "1773"]
[BlackElo "1881"]
[PlyCount "35"]
[EventDate "2006.10.15"]
[EventType "team-tourn"]
[EventRounds "9"]
[EventCountry "GER"]
[SourceTitle "EXT 2008"]
[Source "ChessBase"]
[SourceDate "2007.11.25"]
[SourceVersion "1"]
[SourceVersionDate "2007.11.25"]
[SourceQuality "1"]
[WhiteTeam "Ebersberg"]
[BlackTeam "Landshut"]
[WhiteTeamCountry "GER"]
[BlackTeamCountry "GER"]

1. d4 d6 2. c4 g6 3. Nf3 Bg7 4. Nc3 Nc6 5. g3 e5 6. dxe5 Nxe5 7. Nxe5 Bxe5 8. Bg2 Bg7 9. 0-0 Ne7 10. Rb1 0-0 11. Nd5 Rb8 12. b3 b5 13. Bb2 Bxb2 14. Rxb2 bxc4 15. Nf6+ Kg7 16. Qd4 Nf5 17. Nh5+ Kg8 18. Nf6+ 1/2-1/2

[Event "Niederbayern-ch MK 48th"]
[Site "Ortenburg"]
[Date "2007.??.??"]
[Round "3"]
[White "Latzel, Wolfgang"]
[Black "Schubert, Werner"]
[Result "1/2-1/2"]
[ECO "C06"]
[WhiteElo "1881"]
[BlackElo "2017"]
[PlyCount "24"]
[EventDate "2007.??.??"]
[EventType "swiss"]
[EventRounds "9"]
[EventCountry "GER"]
[SourceTitle "EXT 2010"]
[Source "ChessBase"]
[SourceDate "2010.11.25"]
[SourceVersion "1"]
[SourceVersionDate "2010.11.25"]
[SourceQuality "1"]

1. e4 e6 2. d4 d5 3. Nd2 Nf6 4. e5 Nfd7 5. Bd3 c5 6. c3 Nc6 7. Ne2 cxd4 8. cxd4 Nb6 9. 0-0 Be7 10. f4 g6 11. Nf3 a5 12. Kh1 Bd7 1/2-1/2

[Event "Regionalliga SO 0607"]
[Site "Bayern"]
[Date "2006.12.10"]
[Round "4.6"]
[White "Latzel, Wolfgang"]
[Black "Kempter, Klaus"]
[Result "1/2-1/2"]
[ECO "B15"]
[WhiteElo "1881"]
[BlackElo "1982"]
[PlyCount "43"]
[EventDate "2006.10.15"]
[EventType "team-tourn"]
[EventRounds "9"]
[EventCountry "GER"]
[SourceTitle "EXT 2008"]
[Source "ChessBase"]
[SourceDate "2007.11.25"]
[SourceVersion "1"]
[SourceVersionDate "2007.11.25"]
[SourceQuality "1"]
[WhiteTeam "Landshut"]
[BlackTeam "Freising"]
[WhiteTeamCountry "GER"]
[BlackTeamCountry "GER"]

1. e4 c6 2. d4 d5 3. Nd2 dxe4 4. Nxe4 Nf6 5. Nxf6+ exf6 6. Be3 Bd6 7. Be2 Na6 8. Nf3 0-0 9. 0-0 Nc7 10. c4 Re8 11. h3 h6 12. Qc2 Be6 13. Rad1 Qd7 14. Rfe1 Rad8 15. Bf1 Qc8 16. Nd2 Bf5 17. Qc3 a6 18. Nb3 b5 19. Bd2 Be4 20. Nc5 Bxc5 21. dxc5 Bf5 22. Bf4 1/2-1/2

[Event "Regionalliga SO 0405"]
[Site "Bayern"]
[Date "2005.04.10"]
[Round "9.6"]
[White "Gnegel, Boris Igor"]
[Black "Latzel, Wolfgang"]
[Result "1-0"]
[ECO "B06"]
[WhiteElo "2020"]
[BlackElo "1869"]
[PlyCount "69"]
[EventDate "2004.10.24"]
[EventType "team-tourn"]
[EventRounds "9"]
[EventCountry "GER"]
[SourceTitle "EXT 2007"]
[Source "ChessBase"]
[SourceDate "2006.11.23"]
[SourceVersion "1"]
[SourceVersionDate "2006.11.23"]
[SourceQuality "1"]
[WhiteTeam "Tegernsee II"]
[BlackTeam "Landshut"]
[WhiteTeamCountry "GER"]
[BlackTeamCountry "GER"]

1. e4 d6 2. d4 g6 3. Nf3 Bg7 4. Be2 a6 5. 0-0 b5 6. c3 Bb7 7. Bd3 Nd7 8. Re1 c5 9. h3 Qc7 10. a4 c4 11. Bc2 e5 12. axb5 axb5 13. Rxa8+ Bxa8 14. Na3 Qb8 15. b3 cxb3 16. Bd3 b2 17. Bxb2 b4 18. cxb4 Qxb4 19. Nc4 Qb8 20. Ba3 Bf8 21. Qa4 f6 22. Rb1 Qc8 23. Nb6 Bc6 24. Bb5 Bxb5 25. Qxb5 Qb7 26. dxe5 Qxb6 27. Qxb6 Nxb6 28. Rxb6 Ne7 29. exd6 Nc8 30. Rc6 Kd7 31. Rc7+ Kd8 32. e5 fxe5 33. Nxe5 Nxd6 34. Bxd6 Bxd6 35. Rd7+ 1-0

[Event "Regionalliga SO 0405"]
[Site "Bayern"]
[Date "2005.03.13"]
[Round "8.6"]
[White "Latzel, Wolfgang"]
[Black "Luft, Martin"]
[Result "1/2-1/2"]
[ECO "C10"]
[WhiteElo "1869"]
[BlackElo "2076"]
[PlyCount "32"]
[EventDate "2004.10.24"]
[EventType "team-tourn"]
[EventRounds "9"]
[EventCountry "GER"]
[SourceTitle "EXT 2007"]
[Source "ChessBase"]
[SourceDate "2006.11.23"]
[SourceVersion "1"]
[SourceVersionDate "2006.11.23"]
[SourceQuality "1"]
[WhiteTeam "Landshut"]
[BlackTeam "Graefelfing"]
[WhiteTeamCountry "GER"]
[BlackTeamCountry "GER"]

1. e4 e6 2. d4 d5 3. Nd2 dxe4 4. Nxe4 Nd7 5. Nf3 Be7 6. Bd3 Ngf6 7. Nxf6+ Nxf6 8. Bg5 0-0 9. Qe2 c5 10. dxc5 Qa5+ 11. c3 Qxc5 12. 0-0-0 Qc7 13. h4 h6 14. Kb1 Rd8 15. Bxf6 Bxf6 16. Qe4 Bd7 1/2-1/2

[Event "Regionalliga SO 0405"]
[Site "Bayern"]
[Date "2005.01.30"]
[Round "6.6"]
[White "Latzel, Wolfgang"]
[Black "Knollhuber, Peter"]
[Result "1/2-1/2"]
[ECO "B33"]
[WhiteElo "1869"]
[BlackElo "1791"]
[PlyCount "168"]
[EventDate "2004.10.24"]
[EventType "team-tourn"]
[EventRounds "9"]
[EventCountry "GER"]
[SourceTitle "EXT 2007"]
[Source "ChessBase"]
[SourceDate "2006.11.23"]
[SourceVersion "1"]
[SourceVersionDate "2006.11.23"]
[SourceQuality "1"]
[WhiteTeam "Landshut"]
[BlackTeam "Dorfen PSV"]
[WhiteTeamCountry "GER"]
[BlackTeamCountry "GER"]

1. e4 c5 2. Nf3 Nc6 3. d4 cxd4 4. Nxd4 Nf6 5. Nc3 e5 6. Ndb5 d6 7. Bg5 a6 8. Na3 b5 9. Nd5 Be7 10. Bxf6 Bxf6 11. c4 b4 12. Nc2 Rb8 13. b3 0-0 14. Be2 Bg5 15. Bg4 f5 16. exf5 Bxf5 17. Bxf5 Rxf5 18. Qd3 g6 19. 0-0 a5 20. Rad1 Qf8 21. Nde3 Rf7 22. Qxd6 Qxd6 23. Rxd6 Rc8 24. Rfd1 Be7 25. R6d5 Rcf8 26. Ng4 Kg7 27. f3 e4 28. fxe4 h5 29. Nge3 Rf4 30. e5 Re4 31. Rf1 Bg5 32. Rxf8 Kxf8 33. Kf2 Rxe5 34. Rd6 Ne7 35. Rb6 Kf7 36. Rb5 Kf6 37. Rb6+ Kf7 38. h3 Bf4 39. Kf3 Bg5 40. g4 Kg7 41. Rd6 Kf7 42. Nd5 Nxd5 43. Rxd5 Ke6 44. Nd4+ Kf6 45. Rxe5 Kxe5 46. Nc6+ Kd6 47. Nd4 Ke5 48. Nb5 Bd8 49. Ke3 Bb6+ 50. Kf3 Bd8 51. Na7 Bg5 52. Nc6+ Kd6 53. Nd4 Ke5 54. Ne2 Bd2 55. gxh5 gxh5 56. Ng3 h4 57. Ne2 Bg5 58. Kg4 Be7 59. Nf4 Kd4 60. Ng6 Bc5 61. Kxh4 Kc3 62. Ne5 Be7+ 63. Kg4 Kb2 64. Nc6 Bf6 65. Nxa5 Kxa2 66. c5 Bd4 67. c6 Bb6 68. Nc4 Bd8 69. Nd2 Kb2 70. Kf3 Kc3 71. Ke2 Kd4 72. h4 Kc5 73. h5 Kxc6 74. Kd3 Kd5 75. Ne4 Ke6 76. Kd4 Kf5 77. Kd5 Be7 78. Nd6+ Kg5 79. h6 Kg6 80. Ke6 Bg5 81. Nf7 Bd2 82. Ke7 Bc3 83. Kf8 Kh7 84. Ke7 Kg6 1/2-1/2

[Event "Niederbayern-ch"]
[Site "Vilshofen"]
[Date "2005.??.??"]
[Round "1"]
[White "Latzel, Wolfgang"]
[Black "Weber, Norbert"]
[Result "1-0"]
[ECO "B01"]
[WhiteElo "2099"]
[BlackElo "1727"]
[PlyCount "69"]
[EventDate "2005.??.??"]
[EventType "swiss"]
[EventRounds "9"]
[EventCountry "GER"]
[SourceTitle "EXT 2007"]
[Source "ChessBase"]
[SourceDate "2006.11.23"]
[SourceVersion "1"]
[SourceVersionDate "2006.11.23"]
[SourceQuality "1"]

1. e4 d5 2. exd5 Nf6 3. d4 Bg4 4. Nf3 Nxd5 5. c4 Nf6 6. Be2 e6 7. 0-0 Be7 8. Nc3 c6 9. Be3 Nbd7 10. h3 Bh5 11. Nh2 Bxe2 12. Qxe2 Bd6 13. f4 Qa5 14. a3 Qh5 15. Nf3 0-0-0 16. b4 h6 17. b5 c5 18. Ne5 Qxe2 19. Nxe2 Rdf8 20. Nxd7 Nxd7 21. a4 b6 22. a5 Kb7 23. a6+ Kb8 24. f5 g5 25. fxg6 fxg6 26. Rxf8+ Rxf8 27. Bxh6 Rf5 28. Be3 e5 29. d5 Nf6 30. Ng3 e4 31. Nxf5 gxf5 32. Rf1 f4 33. Bxf4 Bxf4 34. Rxf4 e3 35. Rxf6 1-0